| 000 | 00831nam a2200253 c 4500 | ||
|---|---|---|---|
| 001 | 000030468 | ||
| 003 | RuMoIPM | ||
| 005 | 20260504120540.0 | ||
| 008 | 170918s1989 ru a||||||||||||||||rus d | ||
| 020 | _a5-07-000096-9 | ||
| 035 | _a(RuMoBEN) 001780300 | ||
| 035 | _a(RuMoBEN-CBP Bibliobus) 109819 | ||
| 040 |
_aRuMoBEN _brus _ercr |
||
| 041 | _arus | ||
| 044 | _aru | ||
| 080 | _a51 | ||
| 100 | 1 | _aПопов, Юрий Петрович | |
| 245 | 0 | 0 |
_aМатематика в образах _cЮ. П. Попов, Ю. В. Пухначев |
| 260 |
_aМосква _bЗнание _c1989 |
||
| 300 |
_a205, [2] с. _bил., граф. |
||
| 490 | 0 | _aНародный университет. Естественнонаучный факультет | |
| 700 | 0 | _aПухначев, Юрий Васильевич | |
| 942 | _cBK | ||
| 999 |
_c30468 _d30468 |
||